000 00314nam a2200121Ia 4500
005 20251222143213.0
008 251222s9999||||xx |||||||||||||| ||spa||
082 _a371.208.5/Q37
100 _aQuevedo, Juana
245 0 _aHacia una Educación de Calidad: Cada Escuela un Proyecto
264 _bEDUCA
942 _cLIB
999 _c13532
_d13532